Statistiche per Champions League

Clicka qui per fare il quiz!

Statistiche generali

  • Questo quiz è stato fatto 608 volte
  • Il punteggio medio è 16 su 22

Statistiche sulle risposte

VittorieSquadra% Corretto
7Milan
100%
14Real Madrid
100%
3Inter
99%
5Barcellona
98%
2Juventus
97%
6Liverpool
95%
6Bayern Monaco
94%
3Manchester United
94%
2Chelsea
88%
4Ajax
81%
2Porto
79%
1Borussia Dortmund
72%
2Benfica
69%
2Nottingham Forest
69%
1Olympique Marsiglia
66%
1Stella Rossa
60%
1Amburgo
50%
1Celtic
48%
1PSV
45%
1Steaua Bucarest
43%
1Aston Villa
40%
1Feyenoord
39%

Distribuzione punteggi

Percentile per numero di risposta

Percentuale di utenti per punteggio

I tuoi punteggi nel tempo

Non hai fatto questo quiz